| 000 | 00857cab a2200241 4500 | ||
|---|---|---|---|
| 001 | ABS58459 | ||
| 008 | 090401t1998 xxu||||| |||| 00| 0 eng d | ||
| 035 | _a(Sirsi) u84704 | ||
| 041 | _aeng | ||
| 100 | _aPaice, Catherine | ||
| 245 | _aTenant farmers snap up FBTs | ||
| 260 | _c1998 | ||
| 350 | _a0 | ||
| 490 |
_aEstates Gazette _v(9809) 28 February 1998, 142(1) |
||
| 520 | _aDiscusses the results of the latest tenanted farm survey by the CAAV, which shows that 50% of new lettings are being let for 2-5 years and an increase of 35% in previously vacant holdings that were let. | ||
| 650 | _aPROPERTY-LANDLORD AND TENANT-TENANCIES-AGRICULTURAL TENANCIES | ||
| 650 | _aCAAV SURVEY | ||
| 650 | _aFARM BUSINESS TENANCIES | ||
| 650 | _aFARM RENTS | ||
| 690 | _aLANDLORD AND TENANT-AGRICULTURAL TENANCIES | ||
| 942 | _n0 | ||
| 948 | _c05/03/1998 | ||
| 999 |
_c53266 _d53266 |
||